000 00619cam a22001457a 4500
008 180718b1990 xxu||||| |||| 00| 0 eng d
082 _aZ47x54 R299b
245 _aReport of the National Commission on Rural Labour: Report of the Study Group on Rural Labour Indebtedness, volume II, part II
_cby Centre for Studies in Social Sciences, Calcutta
260 _aCalcutta
_bCentre for Studies in Social Sciences
_c1990
300 _aE-69p.
500 _aChairman: Nripen Bandyopadhyaya
700 _aIndia. Ministry of Labour
700 _aCentre for Studies in Social Sciences
700 _aBandyopadhyaya, Nripen (Chairman)
999 _c482198
_d482198